000 00948cab a2200265 4500
001 ABS55937
008 090401t1996 xxu||||| |||| 00| 0 eng d
035 _a(Sirsi) u19943
041 _aeng
100 _aHolgate, G.
245 _aAsbestos and environmental blight
260 _c1996
350 _a0
490 _aEnvironmental Policy and Practice
_v6(2) 1996, 65-73(9)
520 _aIn the light of "Margereson and Hancock v J W Roberts Ltd" considers the implications for the industrial use of asbestos, the health risks and legislative measures to protect employees and other from its harmful effects.
650 _aMANAGEMENT-HEALTH AND SAFETY-HAZARDOUS SUBSTANCES-ASBESTOS
650 _aDUTY OF CARE
650 _aHEALTH HAZARDS
650 _aMARGERESON AND HANCOCK V J W ROBERTS LTD
650 _aMESOTHELIOMA
650 _aT AND N
690 _aBUILT ENVIRONMENT-BUILDING STANDARDS
942 _n0
948 _c04/03/1997
999 _c13367
_d13367